000 00739nam a2200277Ia 4500
001 10995
005 20240113235250.0
007 ta
008 050808s1923 a g b000 u eng u
040 _aCotton College,Assam
041 _aeng
082 _a321.4
_bB 843 M
100 _aBryce, James .
245 0 _aModern Democracies Vol. I /
_cJames Bryce.
_hTextual Documents
250 _a1st ed. /
260 _aNew York :
_bMacmillan and co ,
_c1923.
300 _axxv, 567p. :
_bill. ;
_c22cm .
653 _aPolitical Science-Democracy
653 _aDemocracy
653 _aMS-Political Science
653 _aG-Political Science
942 _2ddc
_cBK
999 _c10982
_d10982